000 00325nam a22001457a 4500
008 230906b ||||| |||| 00| 0 eng d
020 _a0521207207
041 _aeng
080 _a101
082 _a101BLA
100 _a44
101 _aFILOZ
245 _aMEANING REFERENCE AND NECESSITY
_cBLACKBURN .S
942 _2udc
_cBK
999 _c60252
_d60252